• 首页
  • 本馆介绍
  • 公告通知
  • 最新文献
  • 馆藏检索
  • 电子资源
  • 读者导购
  • 参考咨询
  • 我的图书馆
  • 登录
  • 详细信息显示
  • 放入我的书架
  • 预约/预借图书
  • 作者相关作品
  • 分类相关作品
  • 丛书相关作品
  • 出版社相关作品

书目信息

  • 表格格式
  • 工作单格式
  • 卡片格式
题名:
图解动物园设计
    
 
作者: 张恩权 , 李晓阳 著
分册:  
出版信息: 北京   中国建筑工业出版社  2015.1
页数: 350页
开本: 26cm
丛书名:
单 册:
中图分类: TU242.6-6
科图分类:
主题词: 动物园--建筑设计--图解
电子资源:
ISBN: 978-7-112-17175-0
000 00897nam0 2200253 450
001 0400003229
005 20171021211038.0
010    @a978-7-112-17175-0@dCNY68.00
100    @a20151327e20172015m y0chiy0110 ea
101 0  @achi
102    @aCN@b110000
105    @aa z 000yy
106    @ar
200 1  @a图解动物园设计@9tu jie dong wu yuan she ji@f张恩权,李晓阳著
210    @a北京@c中国建筑工业出版社@d2015.1@h2017.3
215    @a350页@d26cm
304    @a中国动物园协会组织编写
330    @a本书共分为十章,主要内容包括:设计服务于动物园宗旨、动物园设计进程、动物园总体规划、展区方案设计、隔障设计、设施设计、丰容设计、动物展示模式、保护教育设计、动物园展示改造设计。
606 0  @a动物园@x建筑设计@j图解
690    @aTU242.6-6@v5
701  0 @a张恩权@9zhang en quan@4著
701  0 @a李晓阳@9li xiao yang@4著
801  0 @aCN@b91MARC@c20171021
905    @b1022485-9@dTU242.6-6@f5@e1025
    
    图解动物园设计/张恩权,李晓阳著.-北京:中国建筑工业出版社,2015.1(2017.3)
    350页;26cm
    
    
    ISBN 978-7-112-17175-0:CNY68.00
    本书共分为十章,主要内容包括:设计服务于动物园宗旨、动物园设计进程、动物园总体规划、展区方案设计、隔障设计、设施设计、丰容设计、动物展示模式、保护教育设计、动物园展示改造设计。
●
相关链接 在E读中查询图书 在五车中查询图书 在当当中查询图书 在豆瓣中查询图书


正题名:图解动物园设计     索取号:TU242.6-6/1025         预约/预借

序号 登录号 条形码 馆藏地/架位号 状态 备注
1 1022485   210224853   第二样本阅览室/ [索取号:TU242.6-6/1025] 在馆    
2 1022486   210224862   第三借阅区/ [索取号:TU242.6-6/1025] 在馆    
3 1022487   210224871   第三借阅区/ [索取号:TU242.6-6/1025] 在馆    
4 1022488   210224880   密集书库-生命科学系/ [索取号:TU242.6-6/1025] 在馆    
5 1022489   210224899   第三借阅区/ [索取号:TU242.6-6/1025] 在馆    
唐山师范学院图书馆 欢迎您!
大连网信软件有限公司© 版权所有